000
00539nam a22001457a 4500
020
_a
9789331320612
082
_a
338.1
100
_a
Singh,S.R
245
_a
Agricultural Economics
260
_a
New Delhi
_b
APH publishing
_c
2013
300
_a
296
942
_c
BK
999
_c
2512
_d
2512